Accountancy and economic development policy (Record no. 75570)

MARC details
000 -LEADER
fixed length control field 00651nam a2200145 a 4500
008 - FIXED-LENGTH DATA ELEMENTS--GENERAL INFORMATION
fixed length control field 120416s1973 ||||||||||||||||| || u
050 ## - LIBRARY OF CONGRESS CALL NUMBER
Classification number HF 5635 Ent
100 ## - MAIN ENTRY--PERSONAL NAME
Personal name Enthoven, Adolf J. H
245 10 - TITLE STATEMENT
Title Accountancy and economic development policy
260 ## - PUBLICATION, DISTRIBUTION, ETC.
Place of publication, distribution, etc. Amsterdam
Name of publisher, distributor, etc. North-Holland
Date of publication, distribution, etc. [1973 (1978)]
300 ## - PHYSICAL DESCRIPTION
Extent xi, 380p. : ill
350 ## -
-- 0.00
995 ## -
-- BINDERY (DAMAGED)
-- 0.00
-- 005482
-- CBU-MAIN LIBRARY (Kitwe)
-- 1
-- 0.00
-- HF 5635 Ent
-- DAMAGED
-- 005482
-- Main Library Open Access Collection
995 ## -
-- MAIN LIBRARY OPEN ACCESS
-- 0.00
-- 005483
-- CBU-MAIN LIBRARY (Kitwe)
-- 2
-- 0.00
-- HF 5635 Ent
-- AVAILABLE
-- 005483
-- Main Library Open Access Collection
999 ## -
-- 75570
-- 75570
Holdings
Withdrawn status Lost status Source of classification or shelving scheme Damaged status Not for loan Collection code Permanent Location Current Location Date acquired Full call number Barcode Date last seen Copy number Price effective from Koha item type Shelving location Total Checkouts
      Damaged   BINDERY (DAMAGED) CBU-MAIN LIBRARY, KITWE. CBU-MAIN LIBRARY, KITWE. 03/30/2023 HF 5635 Ent 005482 03/30/2023 1 03/30/2023 MONOGRAPH    
            CBU-MAIN LIBRARY, KITWE. CBU-MAIN LIBRARY, KITWE. 03/30/2023 HF 5635 Ent 005483 03/30/2023 2 03/30/2023 MONOGRAPH